Bungō Stray Dogs Characters - Statistics

General Stats
  • This quiz has been taken 136 times
    135 since last reset
  • The average score is 7 of 16
Answer Stats
Picture Answer % Correct
Doppo Kunikida
100%
Gin Akutagawa
100%
Kyōka Izumi
100%
Ōgai Mori
100%
Osamu Dazai
100%
Atsushi Nakajima
93%
Chūya Nakahara
93%
Edgar Allan Poe
92%
Sigma
90%
Kenji Miyazawa
89%
Fyodor Dostoevsky
88%
Ango Sakaguchi
86%
Akiko Yosano
85%
Ryūnosuke Akutagawa
82%
Saigiku Jōno
82%
Sakunosuke Oda
82%
Elise
80%
Lucy Maud Montgomery
75%
Michizō Tachihara
73%
Ranpo Edogawa
73%
Jun'ichirō Tanizaki
71%
Arthur Rimbaud
69%
Francis Scott Key Fitzgerald
69%
Ichiyō Higuchi
69%
Yukichi Fukuzawa
69%
Karma
64%
Motojirō Kajii
64%
Naomi Tanizaki
63%
Ōchi Fukuchi
60%
Howard Phillips Lovecraft
58%
Bram Stoker
57%
Ace
56%
Mark Twain
56%
Tetchō Suehiro
55%
James L.
54%
Margaret Mitchell
53%
Ivan Goncharov
50%
Ryūrō Hirotsu
50%
Paul Verlaine
47%
Katai Tayama
45%
Nathaniel Hawthorne
45%
Aya Kōda
43%
Kyūsaku Yumeno
43%
Tatsuhiko Shibusawa
42%
Teruko Ōkura
42%
Mushitarō Oguri
40%
John Steinbeck
36%
Zelda Fitzgerald
33%
Alexander Pushkin
30%
Nobuko Sasaki
29%
Herman Melville
27%
Louisa May Alcott
23%
Agatha Christie
22%
22%
Shunzen Tachihara
21%
Kirako Haruno
20%
Kōyō Ozaki
20%
Sōseki Natsume
19%
Mizuki Tsujimura
17%
André Gide
14%
Kōsuke
14%
Yokomizo
14%
Sakura
11%
Yuan
11%
Santōka Taneda
10%
Sugimoto
10%
Thumbnail
10%
Buichirō Shirase
9%
Shinji
9%
Yukito Ayatsuji
9%
Natsuhiko Kyōgoku
8%
Egawa
0%
H. G. Wells
0%
Katsumi
0%
Master Carlyle
0%
Rokuzō Taguchi
0%
Shōsaku Katsura
0%
Takuichi Aoki
0%
T. J. Eckleburg
0%
Tom Buchanan
0%
Yachiyo Murakoso
0%
Yamagiwa
0%
No matching quizzes found
Score Distribution
Percent of People with Each Score
Percentile by Number Answered
Your Score History
You have not taken this quiz since the last reset